Sports Quiz

Random Sports or NBA Quiz

Big 4 Teams Pacific Time Zone Quiz Stats

 Plays Quiz Updated Jul 8, 2021

     
Support Sporcle.
Go Orange.
Score 0/22 Timer 02:00
2 Plays Today
League Team % Correct
NBALos Angeles Lakers
94.1%
NFLSeattle Seahawks
93.4%
NFLSan Francisco 49ers
92.9%
NFLLas Vegas Raiders
92.8%
NHLLos Angeles Kings
92.7%
NBASacramento Kings
92.6%
MLBLos Angeles Dodgers
91.6%
NFLLos Angeles Rams
90.9%
NFLLos Angeles Chargers
90.8%
MLBSan Francisco Giants
89.6%
MLBLos Angeles Angels
88.9%
League Team % Correct
NBALos Angeles Clippers
88.6%
MLBSeattle Mariners
87%
MLBSan Diego Padres
84.4%
NBAGolden State Warriors
84.1%
MLBOakland Athletics
84.1%
NBAPortland Trail Blazers
79.1%
NHLSan Jose Sharks
73.3%
NHLAnaheim Ducks
71.4%
NHLSeattle Kraken
70.6%
NHLVancouver Canucks
60.9%
NHLVegas Golden Knights
58.2%

From the Vault

Movie Quotes: Increasing Difficulty II

by Larryholmes79

Movies 7m
"You shall not pass!" - Dumbledore in 'Return of the Jedi'
Remove Ads.
Support Sporcle.
Get the best of Sporcle when you Go Orange. This ad-free experience offers more features, more stats, and more fun while also helping to support Sporcle. Thank you for becoming a member.

Show Comments

Extras

Top Quizzes Today


Score Distribution

Your Account Isn't Verified!

In order to create a playlist on Sporcle, you need to verify the email address you used during registration. Go to your Sporcle Settings to finish the process.

Report this User

Report this user for behavior that violates our Community Guidelines.

Details: